О ресурсном потенциале знания и механизмах реализации неклассических концепций управления в когнитивном обществе; Наука и молодые учёные
| Parent link: | Наука и молодые учёные.— 2025.— С. 104-108 |
|---|---|
| Glavni avtor: | |
| Drugi avtorji: | , |
| Izvleček: | Заглавие с экрана В статье рассмотрен ресурсный потенциал знания, его роль в поддержании конкурентных преимуществ и механизмы реализации в когнитивном обществе. Обозначен вектор взаимосвязи в системе «конкурентная стратегия - интеллектуальные ресурсы организации». Раскрыта связь процесса управления знанием с явлением «синергии знаний». Идея ресурсного потенциала знания раскрыта через практическое применение неклассической концепции SWOT-анализа The article examines the resource potential of knowledge, its role in maintaining competitive advantages and mechanisms for implementation in a cognitive society. The vector of interrelation in the system "competitive strategy - intellectual resources of the organization" is designated. The connection between the knowledge management process and the phenomenon of "knowledge synergy" is revealed. The idea of the resource potential of knowledge is revealed through the practical application of the non-classical concept of SWOT analysis Текстовый файл |
| Jezik: | ruščina |
| Izdano: |
2025
|
| Teme: | |
| Online dostop: | https://www.elibrary.ru/item.asp?id=79021018 |
| Format: | Elektronski Book Chapter |
| KOHA link: | https://koha.lib.tpu.ru/cgi-bin/koha/opac-detail.pl?biblionumber=680053 |
MARC
| LEADER | 00000naa0a2200000 4500 | ||
|---|---|---|---|
| 001 | 680053 | ||
| 005 | 20250505161753.0 | ||
| 090 | |a 680053 | ||
| 100 | |a 20250505d2025 k||y0rusy50 ca | ||
| 101 | 0 | |a rus | |
| 102 | |a RU | ||
| 135 | |a drcn ---uucaa | ||
| 181 | 0 | |a i |b e | |
| 182 | 0 | |a b | |
| 183 | 0 | |a cr |2 RDAcarrier | |
| 200 | 1 | |a О ресурсном потенциале знания и механизмах реализации неклассических концепций управления в когнитивном обществе |f А. А. Корниенко, С. Б. Кухальский, С. Г. Смолонский | |
| 203 | |a Текст |c электронный |b визуальный | ||
| 283 | |a online_resource |2 RDAcarrier | ||
| 300 | |a Заглавие с экрана | ||
| 320 | |a Список источников: 9 назв | ||
| 330 | |a В статье рассмотрен ресурсный потенциал знания, его роль в поддержании конкурентных преимуществ и механизмы реализации в когнитивном обществе. Обозначен вектор взаимосвязи в системе «конкурентная стратегия - интеллектуальные ресурсы организации». Раскрыта связь процесса управления знанием с явлением «синергии знаний». Идея ресурсного потенциала знания раскрыта через практическое применение неклассической концепции SWOT-анализа | ||
| 330 | |a The article examines the resource potential of knowledge, its role in maintaining competitive advantages and mechanisms for implementation in a cognitive society. The vector of interrelation in the system "competitive strategy - intellectual resources of the organization" is designated. The connection between the knowledge management process and the phenomenon of "knowledge synergy" is revealed. The idea of the resource potential of knowledge is revealed through the practical application of the non-classical concept of SWOT analysis | ||
| 336 | |a Текстовый файл | ||
| 463 | 1 | |t Наука и молодые учёные |o сборник статей Международной научно-практической конференции, Пенза, 8 января 2025 |c Пенза |n Наука и просвещение |v С. 104-108 |d 2025 | |
| 610 | 1 | |a ресурсный потенциал знания | |
| 610 | 1 | |a управленческая стратегия | |
| 610 | 1 | |a когнитивное общество | |
| 610 | 1 | |a синергия знаний | |
| 610 | 1 | |a SWOT-анализ | |
| 610 | 1 | |a управление знаниями | |
| 610 | 1 | |a циклы научения | |
| 610 | 1 | |a электронный ресурс | |
| 610 | 1 | |a труды учёных ТПУ | |
| 700 | 1 | |a Корниенко |b А. А. |c экономист |c доцент Томского политехнического университета, доктор философских наук |f 1970- |g Анна Анатольевна |9 13683 | |
| 701 | 1 | |a Кухальский |b С. Б. |g Сергей Борисович | |
| 701 | 1 | |a Смолонский |b Г. В. |g Григорий Вадимович | |
| 801 | 0 | |a RU |b 63413507 |c 20250505 |g RCR | |
| 850 | |a 63413507 | ||
| 856 | 4 | |u https://www.elibrary.ru/item.asp?id=79021018 |z https://www.elibrary.ru/item.asp?id=79021018 | |
| 942 | |c CF | ||